00337 2200145 4500001002100000005001500021035002000036245003500056100001800091300001200109260003600121082000800157084001400165990001200179INLIS00000000000237520250528113824 a0010-05250006671 aSimponi Cinta /cKahlil Gibran0 aKahlil Gibran a144 hlm aYogyakarta :bDiva Press,c2004 a813 a813 KAH s a0712656